| 000 | 00387nam a2200169Ia 4500 | ||
|---|---|---|---|
| 008 | 230711s9999||||xx |||||||||||||| ||und|| | ||
| 020 | _a978-933-2509-34-4 | ||
| 041 | _aENG | ||
| 082 |
_a720 _bMC-B |
||
| 100 | _aMckay,W.B | ||
| 245 | 0 | _aBuilding construction v-2 | |
| 250 | _a4th Ed. | ||
| 260 |
_c2014 _aNew Delhi _bPearson |
||
| 300 | _a143 | ||
| 650 | _aArchitecture | ||
| 942 | _cBK | ||
| 999 |
_c5702 _d5702 |
||